Integer programming and combinatorial optimization : 9th International IPCO Conference, Cambridge, MA, USA, May 27-29, 2002 : proceedings /
Αποθηκεύτηκε σε:
| Κύριος συγγραφέας: | |
|---|---|
| Άλλοι συγγραφείς: | |
| Μορφή: | Βιβλίο |
| Γλώσσα: | English |
| Δημοσίευση: |
Berlin :
Springer,
2002
|
| Σειρά: | Lecture notes in computer science ;
; 2337 |
| Θέματα: | |
| Ετικέτες: |
Προσθήκη ετικέτας
Δεν υπάρχουν, Καταχωρήστε ετικέτα πρώτοι!
|
MARC
| LEADER | 00000nam a2200000 i 4500 | ||
|---|---|---|---|
| 001 | 1/70278 | ||
| 008 | 080114s2002 eng d | ||
| 020 | |a 3-540-43676-6 | ||
| 035 | |l 10093638 | ||
| 040 | |a GR-MY-UA |b gre |e aacr | ||
| 041 | 0 | |a eng | |
| 082 | 0 | |a 519.77 |2 (22) | |
| 100 | 1 | |a Cook, William J. |d 1936- | |
| 245 | 1 | 0 | |a Integer programming and combinatorial optimization : |b 9th International IPCO Conference, Cambridge, MA, USA, May 27-29, 2002 : proceedings / / |c eds. William J. Cook, Andreas S. Schulz |
| 260 | |a Berlin : |b Springer, |c 2002 | ||
| 300 | |a xi, 486 σ.; |c 24 εκ. | ||
| 490 | 1 | |a Lecture notes in computer science |v ; 2337 | |
| 504 | |a Περιλαμβάνει βιβλιογραφίες και ευρετήριο | ||
| 650 | 0 | 0 | |a Integer programming |x Congresses. |
| 650 | 0 | 0 | |a Combinatorial optimization |x Congresses. |
| 700 | 1 | |a Schulz, Andreas S. | |
| 830 | 0 | |a Lecture notes in computer science ; |v ; 2337 | |
| 852 | |a INST |b CHIOS |e 20080114 |h 519.77 INT |p 005200027948 |q 005200027948 |t BK |y 0 | ||
| 901 | |a BIBL2-2008-1 | ||
| 909 | |a Χ |b 142982 | ||
| 922 | |a 2ΕΛΗ |b 200712 |c ΕΠΕΑΕΚ2/ΤΜΟΔ |d ΠΑΠΑΣΩΤΗΡΙΟΥ | ||
| 970 | |a ΑΤΣΑΛΗ |b ΔΕΣΠΟΙΝΑ |z 2008/01/14 | ||